| 000 | 00791nam a2200253 a 4500 | ||
|---|---|---|---|
| 001 | 73858 | ||
| 003 | BD-RjUL | ||
| 005 | 20211209082444.0 | ||
| 008 | 170613s1967 enka 000 0 eng d | ||
| 035 | _a(BD-RjUL)74076 | ||
| 040 |
_aUKM _cUKM _dOCL _dBD-RjUL _beng |
||
| 041 | _aeng | ||
| 082 | 0 |
_a530.425 _223 _bTHP 1967 |
|
| 100 | 1 |
_aThain, J. F. _950819 |
|
| 245 | 1 | 0 |
_aPrinciples of osmotic phenomena / _cJ.F. Thain. |
| 260 |
_aLondon : _bRoyal Institute of Chemistry, _cc1967. |
||
| 300 |
_a69 p. : _bill. ; _c22 cm. |
||
| 490 | 1 |
_aRoyal Institute of Chemistry monographs for teachers ; _vno. 13 |
|
| 504 | _aBibliography: p. 69. | ||
| 650 | 0 |
_aOsmosis. _933293 |
|
| 830 | 0 |
_aRoyal Society of Chemistry monographs for teachers ; _vno. 13. _9218715 |
|
| 942 |
_2ddc _cBK |
||
| 999 |
_c73858 _d73858 |
||